000 00476nam a2200181Ia 4500
005 20250326130023.0
008 250326s9999 xx 000 0 und d
037 _aTextbook
040 _aFMSL
_beng
_cFMSL
041 _aeng
_2eng
084 _a.44 N9
_qFMSL
100 _aGhosh P
245 0 _aPersonnel administration in India
_cGhosh P
260 _aNew Delhi
_bNew Delhi, Sudha
_c1969
300 _a440p
942 _cTB
_h.44 N9
999 _c1280592
_d1280592